MARC details
| 000 -CABECERA |
| campo de control de longitud fija |
04234nam a2200505Ia 4500 |
| 001 - NÚMERO DE CONTROL |
| campo de control |
dia_6756 |
| 003 - IDENTIFICADOR DEL NÚMERO DE CONTROL |
| campo de control |
CHAP |
| 005 - FECHA Y HORA DE LA ÚLTIMA TRANSACCIÓN |
| campo de control |
20240619184419.0 |
| 007 - CAMPO FIJO DE DESCRIPCIÓN FÍSICA--INFORMACIÓN GENERAL |
| campo de control de longitud fija |
ta |
| 008 - DATOS DE LONGITUD FIJA--INFORMACIÓN GENERAL |
| campo de control de longitud fija |
220601s2017 mx abdofrm 001 0 spa d |
| 040 ## - FUENTE DE LA CATALOGACIÓN |
| Centro catalogador/agencia de origen |
mxchpua |
| Centro/agencia transcriptor |
CHAP |
| Normas de descripción |
rda |
| 041 0# - CÓDIGO DE LENGUA |
| Código de lengua del texto/banda sonora o título independiente |
spa |
| Código de lengua del sumario o resumen |
eng |
| 090 ## - LOCALMENTE ASIGNADO TIPO-LC NÚMERO DE CLASIFICACIÓN (OCLC); NÚMERO DE CLASIFICACIÓN LOCAL (RLIN) |
| Número de clasificación (OCLC) (R) ; Numero de clasificación, CALL (RLIN) (NR) |
Tesis |
| Número cutter local (OCLC) ; Número de libro/Signatura topográfica íntegra, CALL (RLIN) |
C37 |
| año |
2017 |
| 100 1# - ENTRADA PRINCIPAL--NOMBRE DE PERSONA |
| Nombre de persona |
Castillo Herrera, María de los Ángeles |
| 240 10 - TÍTULO UNIFORME |
| Título uniforme |
Implementation of technological packages for the improvement of the production of barley maltera in the municipality of Villa de Arriaga, S.L.P. |
| Lenguaje de la obra |
Español |
| 245 10 - MENCIÓN DE TÍTULO |
| Título |
Implementación de paquete tecnológico para el mejoramiento de la producción de cebada maltera en el municipio de Villa de Arriaga, S. L. P. / |
| Mención de responsabilidad, etc. |
María de los Ángeles Castillo Herrera y Luis Enrique Zavala Castro |
| 264 ## - PRODUCCIÓN, PUBLICACIÓN, DISTRIBUCIÓN, FABRICACIÓN Y COPYRIGHT |
| Producción, publicación, distribución, fabricación y copyright |
Chapingo, México : |
| Nombre del de productor, editor, distribuidor, fabricante |
El autor, |
| Fecha de producción, publicación, distribución, fabricación o copyright |
2017 |
| 300 ## - DESCRIPCIÓN FÍSICA |
| Extensión |
ix, 58 hojas : |
| Otras características físicas |
ilustraciones, gráficas, diagramas, tablas, fotos + |
| Material acompañante/anejo |
1 CD-ROM |
| 336 ## - TIPO DE CONTENIDO |
| Fuente |
rdacontent |
| Término de tipo de contenido |
texto |
| Código de tipo de contenido |
txt |
| 337 ## - TIPO DE MEDIO |
| Fuente |
rdamedia |
| Nombre/término del tipo de medio |
no mediado |
| Código del tipo de medio |
n |
| 338 ## - TIPO DE SOPORTE |
| Fuente |
rdacarrier |
| Nombre/término del tipo de soporte |
volumen |
| Código del tipo de soporte |
nc |
| 500 ## - NOTA GENERAL |
| Nota general |
El CD contiene reporte y artículo |
| 502 ## - NOTA DE TESIS |
| Nota de tesis |
Formulación y Evaluación de Proyectos |
| Tipo de título |
(Ingeniero Agroindustrial) -- |
| Nombre de la institución que otorga el título |
UACh. Departamento de Ingeniería Agroindustrial, |
| Año de obtención del título |
2017 |
| 504 ## - NOTA DE BIBLIOGRAFÍA, ETC. |
| Nota de bibliografía, etc. |
Bibliografía: hojas 46-48 |
| 520 3# - SUMARIO, ETC. |
| Sumario, etc. |
La producción de cebada en México ha aumentado en los últimos años, de tal forma que actualmente ocupa el quinto lugar en la producción nacional de granos, después del maíz, sorgo, trigo y frijol, por lo que la implementación de los paquetes tecnológicos, en el municipio de Villa de Arriaga, S.L.P., permitió dar un gran paso en el desarrollo del sistema producto cebada, ya que permite beneficiar tanto a pequeños productores como a los grandes.<br/>Con la intervención de Gobierno Municipal, Gobierno Estatal y Gobierno Federal, así como la empresa privada Grupo Modelo, se lograron entregar 9,384 hectáreas, beneficiando a 1 047 productores con una inversión de 34.2 millones de pesos. Con esto se logró el incremento de la producción en un 53% y además de que se asegurar la venta de la cosecha al poder contar con un comprador directo bajo la modalidad de agricultura por contrato y la fijación de un precio de $ 4.50 por kilogramo, en general.<br/>Y además de que en esta forma se evitó en gran medida el coyotaje. |
| 520 3# - SUMARIO, ETC. |
| Sumario, etc. |
The production of barley in Mexico has increased in the last years, of such form that at present occupies the fifth place in the national production of grains, after the corn, sorgo, wheat and bean, by what the implementation of the technological packages, in the municipality of Villa of Arriaga, S.L.P., It allowed to give a big step in the<br/>development of the system product barley, since it allows to benefit so much to small producers as to the big.<br/>With the intervention of Municipal Government, State Government and Federal Government, as well as the private company Group Model, attained deliver 9,384 hectares, Benefiting to 1 047 producers with an investment of 34.2 million weights. With this attained the increase of the production in 53% and in addition to that ensure the sale of the harvest when can have a direct buyer under the modality of agriculture by agreement and the fixation of a price of $ 4.50 by kilogram, in general. And in addition to that in this form avoided to a large extent the coyotaje. |
| 650 13 - PUNTO DE ACCESO ADICIONAL DE MATERIA--TÉRMINO DE MATERIA |
| Término de materia o nombre geográfico como elemento de entrada |
Cebada cervecera |
| Subdivisión general |
Cultivos |
| Fuente del encabezamiento o término |
atg |
| 650 13 - PUNTO DE ACCESO ADICIONAL DE MATERIA--TÉRMINO DE MATERIA |
| Término de materia o nombre geográfico como elemento de entrada |
Cebada cervecera |
| Subdivisión general |
Producción |
| Subdivisión geográfica |
México |
| -- |
San Luis Potosí |
| Fuente del encabezamiento o término |
atg |
| 650 13 - PUNTO DE ACCESO ADICIONAL DE MATERIA--TÉRMINO DE MATERIA |
| Término de materia o nombre geográfico como elemento de entrada |
Adopción de innovaciones |
| Fuente del encabezamiento o término |
atg |
| 650 13 - PUNTO DE ACCESO ADICIONAL DE MATERIA--TÉRMINO DE MATERIA |
| Término de materia o nombre geográfico como elemento de entrada |
Malting barley |
| Subdivisión general |
Crops |
| Fuente del encabezamiento o término |
atg |
| 650 13 - PUNTO DE ACCESO ADICIONAL DE MATERIA--TÉRMINO DE MATERIA |
| Término de materia o nombre geográfico como elemento de entrada |
Malting barley |
| Subdivisión general |
Production |
| Subdivisión geográfica |
Mexico |
| -- |
San Luis Potosí |
| Fuente del encabezamiento o término |
atg |
| 650 13 - PUNTO DE ACCESO ADICIONAL DE MATERIA--TÉRMINO DE MATERIA |
| Término de materia o nombre geográfico como elemento de entrada |
Innovation adoption |
| Fuente del encabezamiento o término |
atg |
| 700 1# - PUNTO DE ACCESO ADICIONAL--NOMBRE DE PERSONA |
| Nombre de persona |
Zavala Castro, Luis Enrique |
| Término indicativo de función/relación |
autor |
| 700 1# - PUNTO DE ACCESO ADICIONAL--NOMBRE DE PERSONA |
| Nombre de persona |
Espejel Zaragoza, José Alfredo |
| Término indicativo de función/relación |
director |
| 700 1# - PUNTO DE ACCESO ADICIONAL--NOMBRE DE PERSONA |
| Nombre de persona |
Reyna Izaguirre, Diana América |
| Término indicativo de función/relación |
asesor |
| 700 1# - PUNTO DE ACCESO ADICIONAL--NOMBRE DE PERSONA |
| Nombre de persona |
Martínez Mosqueda, Francisco |
| Término indicativo de función/relación |
asesor |
| 856 41 - LOCALIZACIÓN Y ACCESO ELECTRÓNICOS |
| Identificador Uniforme del Recurso |
<a href="http://10.13.5.2/tesis/sist114541.pdf">http://10.13.5.2/tesis/sist114541.pdf</a> |
| Texto de enlace |
DESCARGAR PDF |
| 901 ## - ELEMENTOS DE DATOS A LOCAL LDA (RLIN) |
| a |
TESIS C37 2017 |
| 942 ## - ELEMENTOS DE PUNTO DE ACCESO ADICIONAL (KOHA) |
| Tipo de ítem Koha |
TESIS |
| Fuente del sistema de clasificación o colocación |
Clasificación Universidad Autónoma Chapingo |
| 902 ## - ELEMENTOS DE DATOS B LOCAL, LDB (RLIN) |
| a |
M |
| 905 ## - ELEMENTOS DE DATOS E LOCAL, LDE (RLIN) |
| a |
5232272017 mx dnml8223123322spa16 |